[Event "Tilburg Fontys"]
[Site "Tilburg"]
[Date "1996.10.19"]
[Round "8"]
[White "Gelfand, Boris"]
[Black "Shirov, Alexei"]
[Result "1-0"]
[WhiteElo "2665"]
[BlackElo "2685"]
[Annotator "Gelfand,B"]
[PlyCount "83"]
[EventDate "1996.10.11"]
[EventType "tourn"]
[EventRounds "11"]
[EventCountry "NED"]
[EventCategory "16"]
[SourceTitle "CBM 056"]
[Source "ChessBase"]
[SourceDate "1997.02.01"]
[SourceVersion "1"]
[SourceVersionDate "1997.02.01"]
[SourceQuality "1"]

1. c4 {Ribli} e5 2. g3 f5 3. Bg2 Nf6 4. d4 (4. d3 {Ribli} Bb4+ 5. Bd2 Bxd2+ 6.
Qxd2 O-O 7. Nc3 d6 8. e3 c6 9. Nf3 Be6 10. Ng5 Qe7 11. O-O Nbd7 12. f4 h6 13.
Nxe6 Qxe6 14. Bh3 $36 {Chernin,A-Shirov,A/Moscow PCA-GP/1996/EXP52/}) (4. Nc3
$5 {Ribli}) 4... exd4 (4... Bb4+ $5 {Ribli} 5. Bd2 Bxd2+ 6. Qxd2 d6 $13 {
Gulko,B-Kortschnoj,V/Hastings/1988/CBM11/}) 5. Qxd4 Nc6 {This risky setup is
played regulary by Alexei and his second V.Bologan.But,preparing for a game,A.
Huzman and myself thought that Black has no compensation for unnecessary
weakened e6 and d5 squares} 6. Qe3+ $1 (6. Qd1 {Ribli} Bb4+ 7. Bd2 Bxd2+ 8.
Nxd2 d5 9. Nh3 O-O 10. Nf4 dxc4 11. Nxc4 Qxd1+ 12. Rxd1 g5 13. Bxc6 bxc6 14.
Nd3 Be6 15. Rc1 $14 {Ostenstad,B-Westerinen,H/EU-chT Debrecen/1992/}) 6... Be7
(6... Kf7 7. Nf3 Bb4+ 8. Bd2 (8. Nc3 Re8 9. Qd3 d6 (9... Ne4 10. Qd5+ $18) 10.
O-O Ne5 11. Qc2 $14 Nxc4 $140 $2 12. Qb3 $18) 8... Re8 9. Qd3 Ne4 10. Nc3 $14 (
10. Bxb4 Nxb4 11. Qb3 Nc5 12. Qc3 $2 Nbd3+ 13. Kf1 Nxf2 14. Ne5+ Rxe5 15. Qxe5
d6 $17)) (6... Qe7 7. Nc3 Qxe3 (7... Nb4 8. Qd2) 8. Bxe3 Bb4 9. Bd2 $14 (9. Rc1
{Ribli})) 7. Nc3 O-O 8. Nh3 {Weiss übt unangenehmen Druck aus, weil er den
Punkt d5 konrolliert. Der weiße Plan ist klar: mit b3 und Bb2 entwickeln, und
dann Rad1, Rfe1 spielen. Ribli.  FELD d5} b6 $146 (8... Re8 9. O-O Bb4 10. Qd3
Ne5 (10... Bxc3 11. Qxc3 $5 Rxe2 12. Be3 $16 (12. Bg5 d6 13. Nf4 Re8 14. Nd5))
11. Qc2 c6 12. a3 Bf8 13. b3 d6 14. Bb2 Be6 15. Ng5 Qe7 16. Rad1 $16 {1/2-1/2
Chernin,A-Bologan,V/Credit Suisse Masters SUI Geneva (1.5.1) 1996 (69)}) (8...
d6 9. O-O Ne5 10. b3 c6 11. Rd1 Re8 12. Qd4 Qa5 13. a4 Nfd7 14. Qd2 Nc5 15. Rb1
Qc7 16. a5 $14 {1-0 Romero Holmes,A-De la Villa Garcia,J/Leon-B 1996 (67)}) 9.
O-O Bb7 10. b3 (10. Nf4 Bc5 11. Qd3 Ne5 12. Qc2 Bxg2 13. Kxg2 $14) 10... Bc5
11. Qd2 {White has 2 long term advantages in this position-full control on d5
square and potential weakness of Black s King  STRATEGIE} (11. Qd3 $5) 11...
Qe7 (11... Na5 $142 12. Nd5 Bxd5 13. Bxd5+ (13. cxd5 Nb7 14. Bb2 (14. b4 Bd6 (
14... Be7 15. d6 Nxd6 16. Bxa8 Qxa8 $14) 15. Bb2 a5 (15... Qe7 16. a3 a5 17.
Qc2 $14) 16. a3 Ne4 17. Qd4 Qe7 18. Rab1 $140 (18. Rac1 axb4 19. axb4 Ra4)
18... axb4 19. axb4 Bxb4 20. d6 Bxd6 21. Qd5+ Qe6 22. Qxb7 Rfb8 $19) 14... Nd6
{with idea a5} 15. Bxf6 Qxf6 16. b4 Qd4 17. Qxd4 Bxd4 $14) 13... Nxd5 14. Qxd5+
Kh8 15. Rd1 (15. Bb2 $14) 15... Qe7 16. Bb2 (16. Nf4 $5) 16... Qxe2 (16... Rad8
17. Nf4 Qg5 18. Be5 $16) 17. Bc3 Qe7 18. Nf4 $36) (11... Qc8 {Ribli} 12. Nd5)
12. Nd5 (12. Bb2 Rae8 13. Nf4 Ne4 14. Nxe4 fxe4) 12... Nxd5 13. cxd5 {Now
Black pieces become very passive.} (13. Bxd5+ Kh8 14. Bb2 Rae8 (14... Na5 15.
Nf4) 15. Nf4 Qg5 (15... Nd8 $4 16. Ng6+) 16. Rad1 Re7 17. Nd3 Qxd2 18. Rxd2 Nd8
(18... Bd6 19. Rc1 Nd8 (19... Na5 20. b4 $16) 20. b4 $16 {/+=} (20. c5 bxc5 21.
Nxc5 Bxd5 22. Rxd5 Bxc5 23. Rcxc5 Rxe2)) 19. b4 Bd6 (19... Bxd5 20. cxd5 $14)
20. Rc1 $14 (20. Bxb7 Nxb7 21. Rc1 $14)) 13... Nd8 (13... Nd4 14. e3 Nb5 15. d6
$18) (13... Ne5 $2 {Ribli} 14. d6 $18) 14. Bb2 {Weiß hat eine strategisch
gewonnene Stellung. Im schwarzen Figurenspiel fehlt die Koordination.Ribli.}
Re8 (14... Nf7 $2 15. d6 Qxd6 16. Qc3 $18) 15. Nf4 (15. Rfe1 $5 Bb4 (15... Nf7
16. d6 $18) 16. Bc3 Bxc3 17. Qxc3 Qe5 18. Qd2 Nf7 (18... Qf6 19. Rac1 $1 c5 20.
e4 $16) 19. e4 fxe4 20. Bxe4 Qf6 21. Rac1 c5 22. Nf4 $16 {/+=}) 15... Bd6 16.
Rac1 {I was seriously thinking about an exchange sac,but} (16. Rae1 $5 Bb4 $140
17. Qc2 Bxe1 18. Rxe1 Qf7 19. e4 (19. Bf3 $1) (19. Qxc7 $140 Rc8 20. Qd6 Qe7)
19... c6 20. Bf3 $1 {I missed this important idea} cxd5 21. Bh5 g6 22. Qc3 $18)
(16. Rfe1 Bb4 17. Bc3 (17. Qc2 $5) 17... Bxc3 18. Qxc3 Qe5 $14) 16... Nf7 (
16... Be5 17. Bxe5 Qxe5 18. Rfe1) (16... Bxf4 $2 {Ribli} 17. Qxf4 Qxe2 18. Qd4
Qe7 (18... Re7 19. Rxc7) 19. Rce1) 17. Rfe1 Rac8 18. e4 (18. h4 Bb4 19. Bc3
Bxc3 20. Rxc3 c5 21. e4 $14 (21. d6 Qxd6 22. Rd3 Qb8 23. Bxb7 Qxb7 24. Rxd7 $14
)) 18... fxe4 $2 {Black givs up few tempi} (18... Qg5 $1 19. h4 Qg4 (19... Bxf4
20. gxf4 Qg4 21. Rc3 $18) 20. exf5 (20. Kh2 Bxf4 21. Qxf4 Qxf4 22. gxf4 fxe4 (
22... Nd6 23. e5 (23. f3 $5) 23... Ne4 24. Bxe4 (24. f3 Nc5 25. Red1 c6) 24...
fxe4 25. Rcd1 Rf8 (25... c6 26. d6 c5 27. f5 Rf8 28. f6 $14 {/=}) 26. Rxe4 c6)
23. Bxe4 Nd6 24. f3 $14 c6 25. Rg1 Re7 26. Ba3 c5 27. Bb2 $40) 20... Qxf5 (
20... Bxf4 21. Qxf4 Qxf4 22. gxf4 c5 23. dxc6 dxc6 (23... Rxe1+ 24. Rxe1 Bxc6
25. Bxc6 dxc6 26. Re7 $16) 24. Rxe8+ Rxe8 25. Bxc6 $18) 21. Rc4 $14 (21. Bh3 $2
Bxf4 22. Qd4 Ne5 $1 23. Bxf5 Nf3+ 24. Kf1 Nxd4)) 19. Rxe4 Qg5 20. h4 Qh6 (20...
Qf5 21. Rce1) 21. Rce1 Rf8 $2 (21... Rxe4 22. Rxe4 Rf8 $16 23. Qe2 {with idea
Nh5}) 22. Qd1 {Jetzt droht 23.Nh5 und 24.Qg4 mit starkem Angriff. Ribli} g6 {
You can hardly hope to have an position with equal material better than this
one.Only due to my nervosness (this was the decisive game of a tournament) and
my poor technique, the game lasted almost 20 more moves.} 23. Qg4 (23. Bh3 $1
$18) 23... Rcd8 24. Bf6 $6 (24. h5 $1 Ng5 (24... g5 25. Ne6 dxe6 26. Rxe6 Bc8
27. Qd4 Bxe6 28. dxe6 Ne5 29. Rxe5 Bxe5 30. Qxe5 $18) (24... Qg5 25. Nxg6 Qxg4
(25... hxg6 26. hxg6 $18) 26. Rxg4 hxg6 27. Rxg6+ Kh7 28. Be4 Rde8 29. Rg7+ (
29. f4 Rxe4 30. Rxe4 Bxd5 $13) 29... Kh6 30. Rh7+ Kg5 31. f4+ Bxf4 32. gxf4+
$16) 25. hxg6 hxg6 (25... Nxe4 26. gxh7+) 26. Re7 (26. Nxg6 $5 Qxg6 27. Re5
Bxe5 28. Rxe5 Nf3+ 29. Bxf3 Qxg4 30. Bxg4 $16) (26. Re5 $5 Bxe5 27. Rxe5 Rf5
28. Nxg6 (28. Rxf5 gxf5 29. Qxf5) 28... Rxe5 29. Nxe5) 26... Bxe7 27. Rxe7 Rf7
(27... Rf5 28. Rg7+ Qxg7 29. Bxg7 Kxg7 30. Be4 Rxf4 31. Qxg5 Rf6 32. Bxg6) 28.
Rxf7 Kxf7 29. Nd3 $5 Qh5 30. Qf4+ Kg8 31. Qe5 Qd1+ 32. Ne1 $18) (24. Ne6 dxe6
25. dxe6) 24... Rb8 25. Bb2 {Natürlich spielt Gelfand nicht auf remis.  REGEL:
Wenn Du eine bessere Stellung hast und wiederholst die Züge, ist das eine gute
Psychologie. Denn Du kannst Bedenkzeit sparen mit solchen Wiederholungen.
Ribli.} (25. Qxd7 {Ribli} Bc8 26. Qc6 Bf5 27. Rc4 g5 28. hxg5 Nxg5 29. Bxg5
Qxg5 {Nach meiner Meinung steht Weiss immer besser, aber Schwarz hat in dieser
Variante relativ lebhaftiges Figurenspiel. Ribli.}) 25... Rfd8 26. R4e3 {
Jetzt droht 27.Ne6 dxe6 28.dxe6 mit entscheidenden Angriff.Ribli.} (26. Ne6 $5
dxe6 27. dxe6 Nh8 $13) 26... Bxf4 (26... Bf8 27. Ne6 dxe6 28. dxe6 $18) 27.
gxf4 Nd6 28. Bf6 Rf8 29. Bg5 Qg7 30. Re7 Nf7 31. h5 (31. f5 $1) 31... gxh5 32.
Qxh5 Qg6 33. Qxg6+ hxg6 34. Bf6 {Auch nach dem Damentausch hat Weiß ebenso
gefährlichen Angriff wie mit den Damen. Die weiße Figurenaktivität entscheidet
die Partie. Ribli.} (34. Rxd7 Nxg5 35. fxg5 Rbd8 36. Rxc7 Bxd5 (36... Rf7 37.
Ree7 $18) 37. Ree7 $18) 34... Rfd8 35. Be4 Kf8 36. Bxg6 Bxd5 37. f5 (37. Rd1
Nh8 38. f5 Bf7 39. Bh7 $18) 37... b5 {In dieser Partie stand Schwarz schon
seit der Eröffnungsphase so schlecht, daß Shirov - ein ausgezeichneter
Taktiker - keinen aktiven Plan finden konnte. Ribli.} (37... c6 38. R7e3 Rdc8
39. Be7+ Kg7 40. Rg3) (37... Re8 38. Rxe8+ Rxe8 39. Bg7+ Kxg7 40. Rxe8 $18) 38.
Rd1 Rb6 39. Rxf7+ Bxf7 40. Bxd8 Bxg6 41. fxg6 (41. Bxc7 $2 Bh5) 41... Rxg6+ 42.
Kf1 1-0

[Event "Candidates Tournament"]
[Site "Ekaterinburg"]
[Date "2020.03.17"]
[Round "1"]
[White "Grischuk, Alexander"]
[Black "Alekseenko, Kirill"]
[Result "1/2-1/2"]
[WhiteElo "2777"]
[BlackElo "2698"]
[Annotator "Gelfand,Boris"]
[PlyCount "82"]
[EventDate "2020.03.15"]
[EventType "tourn"]
[EventRounds "14"]
[EventCountry "RUS"]
[EventCategory "21"]
[SourceTitle "CBM 195"]
[Source "ChessBase"]
[SourceDate "2020.04.30"]
[SourceVersion "1"]
[SourceVersionDate "2020.04.30"]
[SourceQuality "1"]

{Today we had an extremely interesting round and it was hard to choose the
most exciting game. Finally I decided on this one.} 1. c4 e5 2. g3 {Modern
trend} ({After} 2. Nc3 Nf6 3. Nf3 Nc6 4. g3 d5 5. cxd5 Nxd5 6. Bg2 {it turned
out that Black is not forced to retreat the knight and can play} Bc5 {This was
put into high level practice by Alexander Grischuk in Geneva 2017 against
Pavel Eljanov. I have played it on White's side three times with mixed results,
and it was also employed during the Carlsen-Caruana match.}) 2... Nf6 3. Bg2
Bc5 {For some reason this move is more popular than 3...d5 or 3...c6} 4. d3 {
This position occured in 2 out of 4 games today!} ({Alexander suffered a
painful loss in the Grand Swiss after} 4. Nc3 c6 5. Nf3 e4 6. Nh4 d5 7. cxd5
cxd5 8. d3 Ng4 9. O-O g5 10. d4 Be7 11. h3 Nxf2 12. Rxf2 gxh4 13. Qb3 hxg3 14.
Rf4 Nc6 15. Qxd5 f5 16. Bxe4 fxe4 17. Qh5+ Kd7 18. Be3 Qg8 19. d5 Nd8 20. Nxe4
Qg6 21. Qe5 Nf7 22. Rxf7 Qxf7 23. Rc1 Rf8 24. Bg5 {1-0 (24) Anton Guijarro,D 
(2674)-Grischuk,A (2759) Douglas 2019}) 4... d5 ({Wang Hao went for} 4... O-O
5. Nc3 c6 6. Nf3 d6 7. O-O Re8 8. Na4 Bb4 9. a3 Ba5 10. b4 Bc7 11. e4 a5 {
with a complicated game: 0-1 (45) Ding Liren (2805)-Wang Hao (2762)
Yekaterinburg RUS 2020}) 5. cxd5 Nxd5 6. Nc3 ({I myself have prefered to avoid
exchange on c3:} 6. Nf3 Nc6 7. O-O O-O 8. a3 a5 9. Nxe5 Bxf2+ 10. Rxf2 Nxe5 11.
Nc3 Be6 12. Qa4 c6 {with an unbalanced position: 1/2-1/2 (35) Gelfand,B (2686)
-Matlakov,M (2716) Khanty-Mansiysk 2019.}) 6... Nxc3 7. bxc3 O-O 8. Qc2 ({
Alexander rejected} 8. Nf3 {probably because of the interesting pawn sac} e4 9.
dxe4 Qxd1+ 10. Kxd1 Nc6) 8... Nc6 9. Nf3 {A very rich and interesting position,
kind of a reversed Sicilian.} h6 {I don't like this weakening move, but I
guess Black wanted to prevent the Ng5-e4 maneouvre.} (9... Re8 10. O-O Rb8 11.
Ng5 $5 h6 12. Ne4 Bb6 $13) 10. O-O Rb8 11. Bb2 b6 12. Rad1 Qe8 13. e4 {White
wants to build up a very strong center.} ({It is hard to assess if} 13. d4 $5
Bd6 14. Nh4 {was more precise.}) 13... Bd6 $6 {Probably Black was expecting
d3-d4, but White had another idea in mind.} (13... Bg4 $5 14. h3 (14. Rde1 Rd8)
(14. d4 Bd6) 14... Bd7 15. Nh4 Na5 16. Qe2 $13) 14. Nh4 $1 {Intending both Nf5
and f4.} Bg4 (14... Ne7 15. f4) 15. f3 Bd7 16. f4 exf4 (16... f6 $5) 17. gxf4 {
[#]} Na5 $2 ({I would recommend a very concrete move:} 17... f6 $5 {and in
case of} 18. Qe2 (18. d4 Qh5) (18. Qf2 g5) 18... g5 $1 19. fxg5 hxg5 20. Nf5
Bxf5 21. Rxf5 Ne7 $1 22. Rf2 Ng6 {- and Black's position looks great!}) 18.
Rde1 ({Even more precise was} 18. Qf2) 18... Qd8 19. Qf2 Nc4 $1 {Kirill finds
an excellent way to complicate the game.} ({Black's position looks horrible
after} 19... Bc5 20. d4 Be7 21. Nf3 Bb5 22. Qg3 $1 Bxf1 23. Bxf1 $44) 20. Bc1
Bc5 21. d4 Be7 22. Nf3 f5 $1 23. Qe2 Nd6 (23... b5 24. exf5 Bf6 25. Ne5) 24. e5
Ne4 {Trying to set up a blockade on the light squares. Actually I tried to do
the same in a Petroff against Grischuk in Isle of Man 2019, but Alexander
managed to breakthrough and won a very fine game.} 25. Nd2 (25. c4 b5) ({
Retrospectively, it is possible to suggest} 25. d5 $5 b5 26. Nd4 Nxc3 27. Qd3
$44) 25... Nxd2 26. Bxd2 Be6 27. Qd3 {Probably too slow.} (27. a4 $5 Bd5 28.
Be3) 27... Qd7 28. Be3 (28. c4 b5 $1) 28... c6 29. a4 {White is one tempo
short of playing c4 followed by d5, so Black must act!} (29. c4 b5) 29... a6 $3
{A very creative and daring idea which changes the character of the game in a
moment when time trouble is approaching.} (29... Bd5 30. c4 Bxg2 31. Kxg2 b5
32. axb5 cxb5 33. Rc1 $1 {A very difficult move to find.} (33. d5 bxc4 34. Qxc4
Rb2+ 35. Kg1 Rc8 $132) 33... Rfd8 34. Rfd1 bxc4 35. Qxc4+ Qd5+ 36. Qxd5+ Rxd5
37. Rc7 {with good winning chances.}) 30. Qxa6 (30. c4 b5) 30... Ra8 31. Qxb6
Bd5 32. Qb2 $6 ({Being short of time it is almost imposssible to find} 32.
Bxd5+ Qxd5 33. c4 $1 Qxc4 34. Rc1 Qd3 35. Bf2 $16) 32... Rxa4 33. Ra1 Rfa8 34.
Rxa4 Rxa4 {White's advantage is reduced to a minimum.} 35. Ra1 Rxa1+ 36. Qxa1
Bxg2 37. Kxg2 Qd5+ 38. Kf2 Bh4+ 39. Ke2 Qg2+ 40. Kd3 Qe4+ 41. Kd2 Qg2+ {
Alexander Grischuk managed to outplay his young opponent, but kudos to Kirill
Alekseenko for his brilliant defence!} 1/2-1/2

[Event "Candidates Tournament"]
[Site "Ekaterinburg"]
[Date "2020.03.25"]
[Round "7"]
[White "Giri, Anish"]
[Black "Grischuk, Alexander"]
[Result "1/2-1/2"]
[WhiteElo "2763"]
[BlackElo "2777"]
[Annotator "Giri,A"]
[PlyCount "80"]
[EventDate "2020.03.15"]
[EventType "tourn"]
[EventRounds "14"]
[EventCountry "RUS"]
[EventCategory "21"]
[SourceTitle "CBM 195"]
[Source "ChessBase"]
[SourceDate "2020.04.30"]
[SourceVersion "1"]
[SourceVersionDate "2020.04.30"]
[SourceQuality "1"]

1. c4 e5 2. g3 c6 {Trendy system. If White wants to avoid this he should start
2.Nc3, but I didn't.} 3. Nf3 {one of the critical directions. Another would be
3.d4.} e4 4. Nd4 d5 5. cxd5 {5.d3 also possible, but the game Ding-Yu from the
World Cup match looked very convincing for Black.} Qxd5 6. Nc2 {6.Nb3 and 6.e3
are alternatives. Maybe some other time.} Nf6 7. Nc3 Qe5 (7... Qh5 {is much
more adventurous. Vishy once won a brilliant game with white here against
Mickey Adams. Look it up!}) 8. Bg2 Na6 $1 {I believe I was the first one to
start with this move order, point being that Ne3 is now met with Bc5!.
Previously Black started wrongly with Be7.} 9. O-O Be7 10. Ne3 $5 {My new idea,
but unfortunately my opponent was either well prepared, or reacted well over
the board. The fact that he spent a lot of time thinking about his next move
doesn't give anything away, obviously.} h5 $5 {I was a little surprised to see
this, as 10...0-0 and 10...Be6 are perfectly viable as well and look more
healthy to me. One way or the other, I looked at the text move as well.} 11. d4
{Not good for my pawn structure, but famously, to a push on a flank, one must
counter in the center.} exd3 12. exd3 Qd4 $1 {Very strong move.} 13. Nc2 Qg4 $5
{Natural move. I vaguely remembered my plan after a very decent 13...Qd8, but
here I didn't see how I am supposed to fight for the advantage. I believe
Black is fine here. The endgame that I went for, can't be very much, but
avoiding it looked clumsy.} 14. Bf4 (14. Ne2 $5 {maybe, though I don't see
what to be so thrilled about after Black let's say castles.}) (14. Qe1 h4 15.
h3 Qg6 16. g4 Qxd3 17. g5 {looked funky, but Black can simply move the knight.
It doesn't work for White.}) 14... Qxd1 15. Raxd1 {Later I thought maybe
taking with the other rook was more clever.} Bg4 16. Rd2 O-O-O 17. d4 Nc7 18.
Ne3 Be6 ({I actually thought} 18... Ne6 $1 {was playing with fire, but in fact
it's perfectly fine for Black:} 19. Be5 (19. Nxg4 Nxg4 20. Be3 {is just equal.}
) (19. d5 {White can also just play it safe and boring.} Nxf4 20. gxf4 $11)
19... Nd7 20. Ncd5 {was my big trap, but even here after} Bf8 $1 21. h3 Nxe5
22. dxe5 cxd5 23. hxg4 d4 {Black is more than fine.}) 19. d5 {Not a good try,
but I underestimated Black's 26th move, at the end of the forced sequence.
Frankly at first I thought I had a few interesting options, but after thinking
for a long time, I couldn't find a way to put pressure, other than with this
move.} (19. Be5 $1 {was my best shot.} Rhg8 {and now the engine cleverly
proposes} 20. Re2 $5 (20. Rc2 Rd7 $1) {with the idea} 20... Rd7 (20... Bd6 $1
21. Bxf6 gxf6 22. d5 cxd5 23. Nexd5 f5 24. Rd1 h4 {is very little for White
though, but still, should have tried this one.}) 21. f4 $1) ({I was mostly
focussed on moves like} 19. Rc1 {or 19.Re1 when I didn't see what to do after
Bb4 or} Bd6 20. Bg5 Be7 {and I saw nothing better than repeating, as otherwise
Black can play just ...Rd7 or ...Kb8 and the d5 push will lose its relevance.})
19... Ncxd5 20. Ncxd5 Nxd5 21. Nxd5 Bxd5 22. Rxd5 Rxd5 23. Bxd5 cxd5 24. Rc1+
Kd7 25. Rc7+ Ke6 26. Rxb7 {This position really didn't feel so great, but I
was counting on 26...Bc5?! here, when I am certainly on the good side of it.
Unfortunately my opponent instantly played} Rc8 $1 {Black is easily making a
draw here, moreover he is even on the comfortable side.} 27. Rxa7 Rc2 28. Be3
Bf6 29. Ra4 Bxb2 30. Kg2 d4 {Forcing a draw. It isn't neccessary, but at the
same time Black's slightly more pleasant position at this point should not
really amount to anything.} (30... f6 31. h4 (31. Kf3 g5 32. h3 Ke5) 31... Rc4
32. Ra7 $11) (30... Rc4 31. Ra6+ Kf5 32. Ra7 {should lead to a draw, but as I
said, Black is on the good side here.} (32. Kf3 g5 33. Ke2 g4 34. Kd3 Be5 35.
Ra3 $11)) 31. Bxd4 Bxd4 32. Rxd4 Rxa2 33. Re4+ Kf6 34. Rf4+ Ke6 35. Re4+ Kf6
36. Rf4+ Ke6 37. Re4+ Kf6 38. Rf4+ Ke6 39. h4 g6 40. Re4+ Kf6 1/2-1/2

[Event "Candidates (Women)"]
[Site "Shanghai"]
[Date "1992.??.??"]
[Round "9"]
[White "Ioseliani, Nana"]
[Black "Levitina, Irina S"]
[Result "1-0"]
[WhiteElo "2445"]
[BlackElo "2415"]
[Annotator "Granda Zuniga,J"]
[PlyCount "59"]
[EventDate "1992.10.??"]
[EventType "tourn"]
[EventRounds "18"]
[EventCountry "CHN"]
[EventCategory "7"]
[SourceTitle "CBM 033"]
[Source "ChessBase"]
[SourceDate "1993.04.01"]
[SourceVersion "1"]
[SourceVersionDate "1993.04.01"]
[SourceQuality "1"]

1. c4 e5 2. g3 Nf6 3. Bg2 c6 4. Nf3 e4 5. Nd4 d5 6. cxd5 Qxd5 7. Nb3 Qh5 8. h3
{verhindert ...Bc8-h3} Qg6 9. Nc3 Bd6 10. O-O (10. Qc2 e3 11. Qxg6 exf2+ $10)
10... O-O 11. d3 exd3 12. e4 $1 Bc7 13. Qxd3 Na6 14. Qe2 Re8 15. Be3 $6 h5 $2 (
15... Nxe4 $1 16. Nxe4 Rxe4 17. Bxe4 Qxe4 18. Nd2 (18. Kh2 $2 Qh4 $1) 18... Qg6
$44) 16. Nd2 Nb4 17. Rac1 Rd8 18. Nf3 b6 $6 (18... Nxe4 19. Nxe4 (19. Nh4 Nxc3
20. bxc3 Qd3 $1 21. Qxh5 Nd5 $10) 19... Qxe4 20. Ng5 Qg6 21. Be4 Bf5 22. Bxf5
Qxf5 23. Qxh5 Nd5 24. Rc4 Rd6 $1 $13) 19. Nd4 $1 Ba6 $6 (19... Be5 20. Rfd1 Ba6
21. Qf3 Bxd4 22. Bxd4 Nd3 $1 23. Bxf6 gxf6 24. Rb1 h4 $1 $132) 20. Qf3 Bxf1 $6
(20... Nd7 $3 21. Nf5 Ne5 22. Ne7+ Kh7 23. Qf4 Qf6 (23... Qe6 $2 24. Qg5 $18)
24. Qxf6 gxf6 25. Rfd1 Bc4 $1 $36) 21. Bxf1 Be5 22. Nf5 Kh8 23. a3 Nd3 24. Ne7
$1 Qh7 25. Nxc6 $1 Bxc3 26. Rxc3 Ne1 27. Qe2 Re8 28. Qxe1 Qxe4 29. Bg2 Qa4 30.
Ne5 1-0